<?xml version="1.0" encoding="UTF-8"?>
<marc:record xmlns:marc="http://www.loc.gov/MARC21/slim">
   <marc:leader>00000nam a2200000 a 4500</marc:leader>
   <marc:datafield ind1="1" ind2=" " tag="100">
      <marc:subfield code="a">Drolshagen, Ebba D.</marc:subfield>
      <marc:subfield code="4">aut</marc:subfield>
      <marc:subfield code="e">Verfasser/-in</marc:subfield>
   </marc:datafield>
   <marc:datafield ind1=" " ind2=" " tag="653">
      <marc:subfield code="a">Skandinavien</marc:subfield>
   </marc:datafield>
   <marc:datafield ind1=" " ind2=" " tag="653">
      <marc:subfield code="a">Norwegen</marc:subfield>
   </marc:datafield>
   <marc:datafield ind1="0" ind2="0" tag="245">
      <marc:subfield code="a">Gebrauchsanweisung für Norwegen</marc:subfield>
   </marc:datafield>
   <marc:datafield ind1="0" ind2="0" tag="245">
      <marc:subfield code="c">Ebba D. Drolshagen</marc:subfield>
   </marc:datafield>
   <marc:datafield ind1=" " ind2="1" tag="264">
      <marc:subfield code="a">München</marc:subfield>
      <marc:subfield code="b">Piper</marc:subfield>
      <marc:subfield code="c">2007</marc:subfield>
   </marc:datafield>
   <marc:datafield ind1="1" ind2=" " tag="520">
      <marc:subfield code="a">Norwegen, das Land der Mitternachtssonne. (EL)      Sie hören Norwegen und denken sofort an Mitternachtssonne, Fjorde, Berge, Kälte, Elche, hohe Steuern, extreme Preise u.v.m. Norwegen hat eine Länge von 1.752 km, ganze 21.000 km werden von den Küsten eingenommen. Auf 1 qkm kommen 15 Einwohner und die Durchschnittstemperatur beträgt 4 Grad. Als eines der reichsten Länder (drittgrößter Öl/Gasexporteur der Welt) mit hohen sozialen Leistungen, aber auch hohen Steuern, spielt es sich nie als Großmacht auf. Die Gesellschaft ist homogen und Gleichheit gehört zu ihren Leidenschaften. Facharbeitermangel, Alkohol, immer mehr dicke Kinder, Bauernsterben, Privatisierung der Stromversorgung und dadurch höhere Preise bzw. restriktive Gesetze lassen die Gratwanderung zwischen volksnah und königlich zu einem neuen Balanceakt werden.  Ein humorvoller, kritischer Reisebegleiter, der, wie der Titel schon angibt, im Vorfeld einer Norwegenreise als Gebrauchsanweisung ein Verständnis aufbauen und einen einfühlsamen Umgang mit dem Land und den Leuten sichern kann. Für alle Bibliotheken eine ausgezeichnete Bestandserweiterung der Reiseliteratur.  *bn* Maria Dorrer</marc:subfield>
   </marc:datafield>
   <marc:datafield ind1=" " ind2=" " tag="020">
      <marc:subfield code="a">9783492275583</marc:subfield>
      <marc:subfield code="9">9783492275583</marc:subfield>
   </marc:datafield>
   <marc:datafield ind1=" " ind2=" " tag="041">
      <marc:subfield code="a">ger</marc:subfield>
   </marc:datafield>
   <marc:datafield ind1=" " ind2=" " tag="300">
      <marc:subfield code="a">204 S.</marc:subfield>
   </marc:datafield>
</marc:record>
